000 00523nam a22001817a 4500
005 20251108164232.0
008 250721s1969 xx 000 0 ara d
082 1 4 _a620.8/فرك
100 1 _aفركس، فتكور
245 1 0 _aالإنسان التقني /
264 1 _aبيروت :
_bدار الآفاق الجديدة،
_c1969.
300 _a159ص
490 0 _aآفاق جديدة
650 1 7 _aالتكنولوجيا
700 1 _aبيدس، إميل خليل
_eترجمة
942 _2ddc
_cBK
999 _c7100
_d7100